Statistics for Countries With an "Ese" Demonym

Click here to take the quiz!

General Stats

  • This quiz has been taken 12,634 times
    (11,664 since last reset)
  • The average score is 13 of 23

Answer Stats

Answer % Correct
China (Chinese)
93%
Japan (Japanese)
91%
Vietnam (Vietnamese)
81%
Portugal (Portuguese)
78%
Guyana (Guyanese)
72%
Suriname (Surinamese)
70%
D.R. Congo (Congolese)
69%
Rep. of the Congo (Congolese)
69%
Taiwan (Taiwanese)
64%
Sudan (Sudanese)
64%
Nepal (Nepalese)
63%
Malta (Maltese)
59%
Myanmar (Burmese)
59%
Senegal (Senegalese)
53%
Bhutan (Bhutanese)
52%
South Sudan (South Sudanese)
52%
Lebanon (Lebanese)
52%
Togo (Togolese)
40%
Gabon (Gabonese)
37%
Benin (Beninese)
35%
Marshall Islands (Marshallese)
29%
East Timor (East Timorese)
29%
San Marino (Sammarinese)
23%

Score Distribution

Percentile by Number Answered

Percent of People with Each Score

Your Score History

You have not taken this quiz since the last reset